000 00446pab a2200157 454500
008 180718b2003 xxu||||| |||| 00| 0 eng d
100 _aRudrappan, D.
245 _aPost - reform rural employment scenario in India with special reference to Tamil Nadu
260 _c2003
300 _ap.55-68.
362 _aOct-Dec
650 _aEmployment - India - Tamil Nadu
650 _aEmployment
773 _aIndian Economic Journal
909 _a62855
999 _c62855
_d62855